[Event "Styrian op U14/18 28th"]
[Site "Mureck"]
[Date "2022.08.08"]
[Round "6"]
[White "Steinwidder, Valentin"]
[Black "Sohn, Benedikt"]
[Result "1/2-1/2"]
[WhiteElo "1196"]
[BlackElo "1557"]
[PlyCount "72"]
[EventDate "2022.08.03"]
[EventType "swiss"]
[EventRounds "9"]
[EventCountry "AUT"]
[SourceTitle "EXT 2023"]
[Source "ChessBase"]
[SourceDate "2022.10.05"]
[SourceVersion "1"]
[SourceVersionDate "2022.10.05"]
[SourceQuality "1"]

1. e4 c6 2. d4 d6 3. c4 Nf6 4. Nc3 g6 5. Bd3 Bg7 6. Nf3 0-0 7. h3 Nbd7 8. Bf4 c5 9. d5 h5 10. Qe2 a6 11. Qe3 b5 12. cxb5 axb5 13. Bxb5 Ba6 14. Bxa6 Rxa6 15. 0-0 Qb6 16. b3 Rfa8 17. Na4 Qb4 18. Nd2 Ne8 19. Rac1 Nc7 20. Nc4 Nf6 21. Rfd1 Nb5 22. a3 Nxa3 23. Nxa3 Qxa3 24. Rc4 Rb8 25. Nxc5 Rab6 26. Ra4 Qxc5 27. Qxc5 dxc5 28. Bxb8 Rxb8 29. e5 Nd7 30. Ra7 Nxe5 31. Rxe7 Rxb3 32. d6 Bf6 33. Re8+ Kg7 34. d7 Nxd7 35. Rxd7 c4 36. Re1 c3 1/2-1/2

[Event "Styrian op U14/18 27th"]
[Site "Mureck"]
[Date "2021.08.04"]
[Round "1"]
[White "Sohn, Benedikt"]
[Black "Steinwidder, Valentin"]
[Result "1-0"]
[WhiteElo "1486"]
[BlackElo "848"]
[PlyCount "80"]
[EventDate "2021.08.04"]
[EventType "swiss"]
[EventRounds "9"]
[EventCountry "AUT"]
[SourceTitle "EXT 2022"]
[Source "ChessBase"]
[SourceDate "2021.10.06"]
[SourceVersion "1"]
[SourceVersionDate "2021.10.06"]
[SourceQuality "1"]

1. d4 Nf6 2. c4 g6 3. Nc3 d5 4. cxd5 Nxd5 5. e4 Nxc3 6. bxc3 Bg7 7. Bc4 c5 8. Be3 Nc6 9. Ne2 0-0 10. 0-0 cxd4 11. cxd4 e6 12. f3 b6 13. Rc1 Bb7 14. Qd2 Rc8 15. Rfd1 Qe7 16. Bg5 Bf6 17. Bxf6 Qxf6 18. Qf4 Qe7 19. Bb5 a6 20. Bxc6 Bxc6 21. Nc3 f5 22. Qe5 Qf6 23. Qxf6 Rxf6 24. d5 Bb7 25. e5 Rff8 26. d6 Bc6 27. Ne2 f4 28. d7 Bxd7 29. Rxd7 Rxc1+ 30. Nxc1 Rc8 31. Nb3 Rc2 32. Rd2 Rc4 33. Kf2 a5 34. Ke2 a4 35. Kd3 b5 36. Nd4 Rc1 37. Nxe6 Rh1 38. h3 Re1 39. Kd4 b4 40. Nc5 a3 1-0